[Event "C.to Italiano Semifinale"]
[Site "Saint Vincent - Chatillon ITA"]
[Date "2008.07.19"]
[Round "1"]
[White "Contin, Daniel"]
[Black "Locci, Damiano"]
[Result "1/2-1/2"]
[WhiteElo "2304"]
[BlackElo "2094"]
[PlyCount "67"]
[EventDate "2008.07.19"]

1. Nf3 Nf6 2. c4 e6 3. g3 d5 4. b3 c6 5. Bg2 Nbd7 6. Bb2 Bd6 7. O-O O-O 8. d3
Qe7 9. Nbd2 Re8 10. Qc2 Qf8 11. d4 h6 12. Rad1 Rb8 13. Rfe1 b6 14. Ne5 Bb7 15.
e4 Rbc8 16. Nd3 dxe4 17. Nxe4 Nxe4 18. Bxe4 Ba8 19. Ne5 Nxe5 20. dxe5 Bb4 21.
Re3 Rcd8 22. Red3 Qe7 23. Qe2 Qc7 24. Qf3 Be7 25. Bc3 Bb7 26. b4 Rxd3 27. Rxd3
Rb8 28. Qd1 c5 29. Rd7 Qc8 30. Rxe7 Bxe4 31. b5 Rb7 32. Qd6 Rxe7 33. Qxe7 Qb7
34. Qxb7 1/2-1/2

[Event "C.to Italiano Semifinale"]
[Site "Saint Vincent - Chatillon ITA"]
[Date "2008.07.19"]
[Round "1"]
[White "De Florio, Federico"]
[Black "Cocchi, Andrea"]
[Result "0-1"]
[WhiteElo "2106"]
[BlackElo "2323"]
[PlyCount "118"]
[EventDate "2008.07.19"]

1. d4 d5 2. Nf3 Nf6 3. e3 g6 4. Bd3 Bg7 5. b3 c5 6. Bb2 O-O 7. O-O cxd4 8. exd4
Nc6 9. a3 b6 10. Nbd2 Bb7 11. Re1 e6 12. b4 Rc8 13. Nb3 Qc7 14. b5 Ne7 15. Ne5
Ne4 16. a4 Nd6 17. Ba3 Nc4 18. Bb4 Rfe8 19. Qe2 Nf5 20. c3 Nfd6 21. Rac1 Nxe5
22. dxe5 Ne4 23. f3 Nc5 24. Nxc5 bxc5 25. Ba3 Qa5 26. Qc2 c4 27. Bf1 a6 28. Rb1
Bf8 29. Bxf8 Rxf8 30. Red1 Qc7 31. Re1 Rfd8 32. Qf2 axb5 33. Rxb5 Bc6 34. Rb4
Ra8 35. Qc5 Rdc8 36. Reb1 Qxe5 37. Rxc4 Bd7 38. Qd4 Qxd4+ 39. Rxd4 Rxc3 40. Ra1
Rc5 41. Be2 Kf8 42. Rb4 Rca5 43. Bd1 Ke7 44. Kf2 Kd6 45. Ke3 R8a7 46. Bb3 Kc5
47. Rf4 Bc6 48. Rc1+ Kd6 49. Ra1 Rb7 50. Bc2 f5 51. Rh4 e5 52. Kd2 e4 53. g4 f4
54. Ra3 Ke5 55. Rc3 Bxa4 56. Bxe4 dxe4 57. fxe4 Rab5 58. Rc4 Rb2+ 59. Kc1 Rb1+
0-1

[Event "C.to Italiano Semifinale"]
[Site "Saint Vincent - Chatillon ITA"]
[Date "2008.07.19"]
[Round "1"]
[White "Dvirnyy, Danyyil"]
[Black "Ricci, Marco"]
[Result "1-0"]
[WhiteElo "2358"]
[BlackElo "2139"]
[PlyCount "67"]
[EventDate "2008.07.19"]

1. e4 e6 2. d4 d5 3. Nc3 Nf6 4. Bg5 Bb4 5. e5 h6 6. Bd2 Bxc3 7. bxc3 Ne4 8. Qg4
g6 9. h4 c5 10. Bd3 Nxd2 11. Kxd2 Nc6 12. Qf4 Qa5 13. dxc5 Qxc5 14. Ne2 Bd7 15.
Nd4 O-O-O 16. Rab1 g5 17. Qe3 Na5 18. hxg5 hxg5 19. Rxh8 Rxh8 20. Qxg5 Qf8 21.
Rg1 Rh6 22. f4 f5 23. exf6 Rxf6 24. g3 Rh6 25. Re1 Nc6 26. Nxc6 Bxc6 27. Qe5
Rh2+ 28. Re2 Qh6 29. g4 Bd7 30. g5 Rxe2+ 31. Bxe2 Qh2 32. g6 Qg1 33. g7 Qg6 34.
Qg5 1-0

[Event "C.to Italiano Semifinale"]
[Site "Saint Vincent - Chatillon ITA"]
[Date "2008.07.19"]
[Round "1"]
[White "Ferri, Stefano"]
[Black "Sibilio, Mario"]
[Result "1/2-1/2"]
[WhiteElo "2146"]
[BlackElo "2361"]
[PlyCount "57"]
[EventDate "2008.07.19"]

1. e4 d6 2. d4 Nf6 3. f3 a6 4. Be3 Nc6 5. Qd2 e5 6. Ne2 d5 7. Nbc3 dxe4 8.
O-O-O exf3 9. gxf3 Bb4 10. d5 Ne7 11. a3 Ba5 12. Bg5 Nf5 13. b4 Bb6 14. Na4 Ba7
15. Qc3 O-O 16. Qxe5 Re8 17. Bxf6 gxf6 18. Qc3 a5 19. Nc5 axb4 20. Rg1+ Kh8 21.
axb4 Re3 22. Rd3 Rxd3 23. cxd3 Qe7 24. Rg4 Qe5 25. Re4 Qxc3+ 26. Nxc3 Nd6 27.
Re7 Kg7 28. Kb2 Kf8 29. Re1 1/2-1/2

[Event "C.to Italiano Semifinale"]
[Site "Saint Vincent - Chatillon ITA"]
[Date "2008.07.19"]
[Round "1"]
[White "Finocchiaro, Gianluca"]
[Black "Sbarra, Marco"]
[Result "0-1"]
[WhiteElo "2021"]
[BlackElo "2236"]
[PlyCount "83"]
[EventDate "2008.07.19"]

1. e4 e5 2. Nf3 Nc6 3. Nc3 Nf6 4. d4 exd4 5. Nxd4 Bb4 6. Nxc6 bxc6 7. Bd3 d5 8.
exd5 cxd5 9. O-O O-O 10. Bg5 c6 11. Qf3 Be7 12. Ne2 h6 13. Bh4 c5 14. c3 Rb8
15. Bxf6 Bxf6 16. Nf4 Bb7 17. Bc2 Re8 18. Qd3 g6 19. Rfe1 c4 20. Qg3 Be5 21.
Qe3 Bc6 22. Qc5 Qd7 23. Rxe5 Rxe5 24. b3 Rbe8 25. h3 d4 26. Qxc4 Re1+ 27. Rxe1
Rxe1+ 28. Kh2 Bb5 29. Qxd4 Qxd4 30. cxd4 g5 31. Nd5 Re2 32. Nc3 Rxc2 33. Nxb5
Rxa2 34. Kg3 a6 35. Nc7 Kf8 36. Kf3 Ke7 37. Nd5+ Ke6 38. Nb4 Ra3 39. Kg4 a5 40.
Nd3 Kd5 41. Ne5 Rxb3 42. Nd7 0-1

[Event "C.to Italiano Semifinale"]
[Site "Saint Vincent - Chatillon ITA"]
[Date "2008.07.19"]
[Round "1"]
[White "Foglia, Maurizio"]
[Black "Vezzosi, Paolo"]
[Result "0-1"]
[WhiteElo "2135"]
[BlackElo "2352"]
[PlyCount "68"]
[EventDate "2008.07.19"]

1. d4 Nf6 2. Bf4 e6 3. e3 c5 4. c3 Nc6 5. Nd2 d5 6. Ngf3 Bd6 7. Bg3 O-O 8. Bd3
b6 9. Ne5 Bb7 10. O-O Ne7 11. Qf3 Qc7 12. Ng4 Nd7 13. Bxd6 Qxd6 14. Qh3 f5 15.
f3 Rf7 16. Nf2 e5 17. dxe5 Nxe5 18. Bc2 Rf6 19. Nd3 Ba6 20. Nxe5 Bxf1 21. Ng4
Rg6 22. Nxf1 fxg4 23. fxg4 Rh6 24. Qg3 Rf8 25. Qxd6 Rxd6 26. e4 dxe4 27. Bxe4
Rfd8 28. Re1 Rd1 29. Re2 Rf8 30. Bf3 Ng6 31. Rf2 Rb1 32. h3 Kh8 33. Kh2 Ne5 34.
Nd2 Rxb2 0-1

[Event "C.to Italiano Semifinale"]
[Site "Saint Vincent - Chatillon ITA"]
[Date "2008.07.19"]
[Round "1"]
[White "Gallucci, Alessio"]
[Black "Piscopo, Pierluigi"]
[Result "1/2-1/2"]
[WhiteElo "2152"]
[BlackElo "2389"]
[PlyCount "77"]
[EventDate "2008.07.19"]

1. e4 c5 2. Nf3 d6 3. d4 cxd4 4. Nxd4 Nf6 5. Nc3 Bd7 6. Bg5 Nc6 7. Qd2 Rc8 8.
O-O-O Nxd4 9. Qxd4 Qa5 10. e5 Qxe5 11. Qxe5 dxe5 12. Bb5 Bxb5 13. Nxb5 a6 14.
Nc3 e6 15. Rhe1 Be7 16. f3 Nd7 17. Ne4 Bxg5+ 18. Nxg5 Rc7 19. Rd6 Ke7 20. Red1
Nf6 21. R6d2 Rhc8 22. Re1 h6 23. Ne4 Nd5 24. Nf2 f6 25. g3 Kf7 26. Kb1 b5 27.
Rc1 Rb8 28. Ne4 Rb6 29. c3 f5 30. Nf2 Rc4 31. Re2 b4 32. Nd3 Ke7 33. Nxe5 Rc7
34. c4 Nf6 35. Ng6+ Kf7 36. Ne5+ Ke7 37. Ng6+ Kf7 38. Ne5+ Ke7 39. Ng6+ 1/2-1/2

[Event "C.to Italiano Semifinale"]
[Site "Saint Vincent - Chatillon ITA"]
[Date "2008.07.19"]
[Round "1"]
[White "Lombardi, Mariano"]
[Black "Bentivegna, Francesco"]
[Result "1/2-1/2"]
[WhiteElo "1928"]
[BlackElo "2329"]
[PlyCount "58"]
[EventDate "2008.07.19"]

1. e4 d5 2. exd5 Nf6 3. d4 Bg4 4. Be2 Bxe2 5. Qxe2 Qxd5 6. Nf3 Nc6 7. O-O O-O-O
8. c3 e6 9. b4 Qe4 10. Qc4 Bd6 11. Nbd2 Qd5 12. b5 Qxc4 13. Nxc4 Nb8 14. Nfe5
Rhf8 15. Re1 Be7 16. a4 Nbd7 17. a5 Nxe5 18. Nxe5 Nd7 19. Nc4 Rfe8 20. Bf4 a6
21. b6 cxb6 22. axb6 Nb8 23. Bc7 Rd5 24. Re5 Rxe5 25. dxe5 Nc6 26. Rd1 f6 27.
f4 fxe5 28. fxe5 Rf8 29. g3 a5 1/2-1/2

[Event "C.to Italiano Semifinale"]
[Site "Saint Vincent - Chatillon ITA"]
[Date "2008.07.19"]
[Round "1"]
[White "Martorelli, Antonio"]
[Black "Gioseffi, Massimiliano"]
[Result "1/2-1/2"]
[WhiteElo "2240"]
[BlackElo "2049"]
[PlyCount "70"]
[EventDate "2008.07.19"]

1. e4 c5 2. Nc3 d6 3. f4 Nc6 4. Nf3 e6 5. Bc4 Nf6 6. d3 Be7 7. O-O O-O 8. Kh1
a6 9. e5 Nd7 10. exd6 Bxd6 11. Ne4 Be7 12. Nfg5 Nf6 13. Be3 Nxe4 14. Nxe4 b6
15. Qh5 Na5 16. Rf3 g6 17. Qh6 f5 18. Rh3 Rf7 19. Ng5 Bxg5 20. fxg5 Nxc4 21.
dxc4 e5 22. Bg1 Bb7 23. Rd3 Qc7 24. Rad1 f4 25. Qh3 Bc6 26. b4 f3 27. gxf3 Raf8
28. Rf1 Qb7 29. Kg2 e4 30. Rb3 exf3+ 31. Kf2 cxb4 32. Re1 a5 33. Rbe3 Rd7 34.
Qe6+ Kh8 35. Rd3 Rxd3 1/2-1/2

[Event "C.to Italiano Semifinale"]
[Site "Saint Vincent - Chatillon ITA"]
[Date "2008.07.19"]
[Round "1"]
[White "Mogranzini, Roberto"]
[Black "Ubezio, Marco"]
[Result "1/2-1/2"]
[WhiteElo "2423"]
[BlackElo "2181"]
[PlyCount "111"]
[EventDate "2008.07.19"]

1. e4 Nf6 2. e5 Nd5 3. c4 Nb6 4. d4 d6 5. exd6 exd6 6. Nc3 Nc6 7. Be2 Be7 8.
Nf3 Bf5 9. d5 Ne5 10. Nxe5 dxe5 11. O-O O-O 12. Be3 Nd7 13. Qd2 a6 14. Rfd1 Bg6
15. a3 f5 16. f4 exf4 17. Bxf4 Nc5 18. Rab1 Nb3 19. Qc2 Bc5+ 20. Kh1 Nd4 21.
Qd2 Nxe2 22. Nxe2 Bh5 23. Re1 Bf2 24. Rf1 Bxe2 25. Qxe2 Bc5 26. Qe6+ Kh8 27.
Rbe1 Rf6 28. Qe2 Rf7 29. Qd3 Qd7 30. Re6 Re8 31. Rfe1 Rff8 32. g3 Rxe6 33. Rxe6
Bd6 34. Bxd6 cxd6 35. Qe2 h6 36. b3 b5 37. Re7 Qd8 38. Kg2 bxc4 39. bxc4 Qb6
40. Qd2 Qd8 41. Qe3 Kh7 42. Qa7 Rg8 43. h4 Qa5 44. Qf2 Rf8 45. Qb2 Rg8 46. Qb4
Qxb4 47. axb4 Rc8 48. b5 axb5 49. cxb5 Rb8 50. Re6 Rxb5 51. Rxd6 Rb3 52. h5 Rd3
53. Rd8 g5 54. Rd7+ Kg8 55. Rd6 Kf7 56. Rxh6 1/2-1/2

[Event "C.to Italiano Semifinale"]
[Site "Saint Vincent - Chatillon ITA"]
[Date "2008.07.19"]
[Round "1"]
[White "Paglietti, Nicola"]
[Black "Ricci, Alfredo"]
[Result "1-0"]
[WhiteElo "2273"]
[BlackElo "2069"]
[PlyCount "87"]
[EventDate "2008.07.19"]

1. e4 c5 2. g3 Nc6 3. Bg2 g6 4. Nf3 Bg7 5. O-O Nf6 6. Re1 d6 7. c3 O-O 8. Na3
Qc7 9. d4 a6 10. d5 Ne5 11. Nxe5 dxe5 12. c4 Bd7 13. Bd2 Ne8 14. Qc1 Nd6 15.
Bh6 b5 16. Bxg7 Kxg7 17. f4 Nb7 18. b3 h6 19. Qb2 f6 20. Rf1 g5 21. fxe5 Qxe5
22. Qxe5 fxe5 23. cxb5 axb5 24. Nc2 Rxf1+ 25. Kxf1 b4 26. Ke2 Nd6 27. a3 bxa3
28. Rxa3 Rxa3 29. Nxa3 Nb5 30. Nxb5 Bxb5+ 31. Kf2 Bd3 32. Ke3 Bc2 33. Kd2 Bxb3
34. Kc3 Ba2 35. Bf1 Bb1 36. Bd3 Ba2 37. Kb2 c4 38. Bc2 Bb3 39. Bxb3 cxb3 40.
Kxb3 g4 41. Kc4 Kf7 42. Kc5 Ke8 43. Kc6 h5 44. d6 1-0

[Event "C.to Italiano Semifinale"]
[Site "Saint Vincent - Chatillon ITA"]
[Date "2008.07.19"]
[Round "1"]
[White "Rettore, Ludwig"]
[Black "Lamagna, Mario"]
[Result "1-0"]
[WhiteElo "2230"]
[BlackElo "1888"]
[PlyCount "141"]
[EventDate "2008.07.19"]

1. d4 Nf6 2. Nf3 g6 3. Bg5 Bg7 4. Nbd2 d6 5. c3 h6 6. Bh4 O-O 7. e4 Nc6 8. Bb5
a6 9. Bxc6 bxc6 10. O-O g5 11. Bg3 Nh5 12. Ne1 Nf4 13. Bxf4 gxf4 14. Nd3 e5 15.
Qh5 f5 16. f3 a5 17. c4 Qg5 18. Qxg5 hxg5 19. dxe5 dxe5 20. Rfd1 Rd8 21. Nf2
Be6 22. exf5 Bxf5 23. Nde4 Rd4 24. Rac1 Rad8 25. Nxg5 Kf8 26. Nge4 Kf7 27. Kf1
Kg6 28. Ke2 Rb8 29. Nd3 Kf7 30. Nec5 Kf6 31. b3 Rh8 32. h3 Bf8 33. Na4 Rg8 34.
Ne1 Bb4 35. Rxd4 exd4 36. Kf2 Bd2 37. Rd1 Be3+ 38. Kf1 Rd8 39. Nc5 Rd6 40. Ke2
Rd8 41. Ncd3 Re8 42. Kf1 Rg8 43. Nf2 Ke6 44. Ke2 Kd6 45. Ng4 Kc5 46. Nh6 Rg5
47. h4 Rh5 48. Nxf5 Rxf5 49. Nd3+ Kd6 50. Rh1 Rh5 51. Nf2 Bxf2 52. Kxf2 c5 53.
g4 fxg3+ 54. Kxg3 Ke6 55. Kg4 Re5 56. h5 Kf7 57. Rh2 Kg7 58. f4 Re1 59. Kg5
Rg1+ 60. Kf5 Re1 61. h6+ Kh7 62. Kf6 d3 63. Rd2 Re3 64. f5 Kh8 65. Kg5 Kh7 66.
Kf4 Rh3 67. Ke4 Kxh6 68. Rxd3 Rh2 69. a4 Kg5 70. Rf3 Kf6 71. Kd5 1-0

[Event "C.to Italiano Semifinale"]
[Site "Saint Vincent - Chatillon ITA"]
[Date "2008.07.19"]
[Round "1"]
[White "Rombaldoni, Axel"]
[Black "Cordara, Michele"]
[Result "1-0"]
[WhiteElo "2374"]
[BlackElo "2146"]
[PlyCount "69"]
[EventDate "2008.07.19"]

1. e4 e6 2. d4 d5 3. Nc3 Bb4 4. e5 Qd7 5. a3 Bxc3+ 6. bxc3 b6 7. h4 Ba6 8. Bxa6
Nxa6 9. h5 Qa4 10. h6 Nxh6 11. Bxh6 gxh6 12. Rxh6 O-O-O 13. Ne2 Rdg8 14. Nf4
Nc5 15. Ne2 Ne4 16. f3 Ng3 17. Kf2 Nf5 18. Rh2 h5 19. g3 c5 20. Qd3 Rh6 21.
Rah1 Rhg6 22. Rg1 Qxa3 23. Rxh5 cxd4 24. Rxf5 exf5 25. Qxf5+ Kb8 26. cxd4 Qe7
27. Rh1 Rg5 28. Qf4 Qe6 29. g4 a5 30. Nc3 Kb7 31. Nb5 R8g7 32. Nd6+ Ka6 33. Qe3
Qg6 34. Qb3 Qe6 35. Rb1 1-0

[Event "C.to Italiano Semifinale"]
[Site "Saint Vincent - Chatillon ITA"]
[Date "2008.07.19"]
[Round "1"]
[White "Rombaldoni, Denis"]
[Black "Frugoli, Francesco"]
[Result "1-0"]
[WhiteElo "2418"]
[BlackElo "2163"]
[PlyCount "111"]
[EventDate "2008.07.19"]

1. d4 d5 2. c4 e6 3. Nf3 Nf6 4. g3 c6 5. Bg2 Nbd7 6. O-O Bd6 7. Nc3 O-O 8. Qc2
dxc4 9. Rd1 Qc7 10. Nd2 Nb6 11. Nce4 Nxe4 12. Nxe4 Be7 13. h4 e5 14. Ng5 Bxg5
15. hxg5 Be6 16. dxe5 Qxe5 17. Bf4 Qb5 18. Be4 g6 19. Qc3 Bd5 20. Bc2 Rfe8 21.
a4 Qc5 22. b4 Qe7 23. a5 Nd7 24. e4 Be6 25. Bc1 f6 26. Bb2 Rf8 27. Kg2 Rf7 28.
Rh1 Raf8 29. Rh4 h5 30. f4 Rh7 31. f5 gxf5 32. g6 Rh6 33. exf5 Bd5+ 34. Kf2 Ne5
35. Qd2 Re8 36. Bxe5 Qxe5 37. Re1 Qxe1+ 38. Qxe1 Rxe1 39. Kxe1 Kg7 40. Kd2 Rh8
41. Bd1 Rd8 42. Kc3 Bg8 43. Be2 Rd5 44. Rxh5 Re5 45. Bxc4 Re3+ 46. Kd4 Rxg3 47.
Bxg8 Kxg8 48. Rh7 Rg4+ 49. Kc5 b6+ 50. Kd6 Rxb4 51. Ke6 bxa5 52. Kxf6 Rb8 53.
Rg7+ Kf8 54. Rxa7 c5 55. g7+ Kg8 56. Kg6 1-0

[Event "C.to Italiano Semifinale"]
[Site "Saint Vincent - Chatillon ITA"]
[Date "2008.07.19"]
[Round "1"]
[White "Rorato, Giovanni Riccardo"]
[Black "Brancaleoni, Maurizio"]
[Result "1/2-1/2"]
[WhiteElo "2065"]
[BlackElo "2251"]
[PlyCount "50"]
[EventDate "2008.07.19"]

1. d4 Nf6 2. Nf3 g6 3. c4 Bg7 4. Nc3 O-O 5. e4 c6 6. Be2 d5 7. e5 Ne4 8. O-O
Nxc3 9. bxc3 dxc4 10. Bxc4 b5 11. Be2 Be6 12. a4 Qd7 13. Be3 a6 14. Qb1 bxa4
15. c4 Bg4 16. h3 Bxf3 17. Bxf3 Ra7 18. d5 Rb7 19. Qe4 cxd5 20. cxd5 Qf5 21.
Qxf5 gxf5 22. d6 Rd7 23. dxe7 Re8 24. Rxa4 Rdxe7 25. Be2 Rxe5 1/2-1/2

[Event "C.to Italiano Semifinale"]
[Site "Saint Vincent - Chatillon ITA"]
[Date "2008.07.19"]
[Round "1"]
[White "Roversi, Stefano"]
[Black "Borgiani, Flavio"]
[Result "0-1"]
[WhiteElo "1840"]
[BlackElo "2215"]
[PlyCount "44"]
[EventDate "2008.07.19"]

1. e4 c5 2. Nf3 e6 3. d4 cxd4 4. Nxd4 a6 5. c4 Nf6 6. Nc3 Bb4 7. Bd3 Nc6 8.
Nxc6 dxc6 9. O-O e5 10. Na4 b5 11. cxb5 axb5 12. Nc3 Be7 13. Qf3 O-O 14. Qg3
Ng4 15. Rd1 Bh4 16. Qf3 Bxf2+ 17. Kh1 Bc5 18. Rf1 Nxh2 19. Qg3 Nxf1 20. Bxf1
Qd4 21. Ne2 Qxe4 22. Bh6 Qg6 0-1

[Event "C.to Italiano Semifinale"]
[Site "Saint Vincent - Chatillon ITA"]
[Date "2008.07.19"]
[Round "1"]
[White "Tocco, Paolo"]
[Black "Genocchio, Daniele"]
[Result "0-1"]
[WhiteElo "2174"]
[BlackElo "2420"]
[PlyCount "52"]
[EventDate "2008.07.19"]

1. d4 g6 2. Nc3 d6 3. e4 c6 4. Be2 Bg7 5. Nf3 Nf6 6. h3 O-O 7. Be3 Nbd7 8. Qd2
Qc7 9. O-O Re8 10. Rad1 b5 11. a3 a6 12. g4 e5 13. dxe5 dxe5 14. Qd6 Qb7 15.
Nh2 Bf8 16. Qd2 b4 17. axb4 Bxb4 18. f3 Nf8 19. Qe1 Ne6 20. Qh4 Be7 21. g5 Nh5
22. Bc1 h6 23. Ng4 hxg5 24. Qe1 Nef4 25. Bc4 Kg7 26. Nxe5 Bc5+ 0-1

[Event "C.to Italiano Semifinale"]
[Site "Saint Vincent - Chatillon ITA"]
[Date "2008.07.21"]
[Round "2"]
[White "Astengo, Marcello"]
[Black "Bonafede, Alessandro"]
[Result "0-1"]
[WhiteElo "2075"]
[BlackElo "2329"]
[PlyCount "62"]
[EventDate "2008.07.19"]

1. d4 f5 2. e4 fxe4 3. Nc3 Nf6 4. Bg5 Nc6 5. d5 Ne5 6. Qd4 Nf7 7. Bxf6 exf6 8.
O-O-O Be7 9. Qxe4 O-O 10. Re1 Bc5 11. Nh3 g6 12. g4 a6 13. d6 Bxd6 14. f4 c6
15. Qd4 Be7 16. Bd3 d5 17. f5 g5 18. Kb1 b6 19. Be2 a5 20. Rd1 a4 21. a3 Bc5
22. Qd2 Re8 23. Na2 Ra7 24. Nc1 Rae7 25. Bf3 Ne5 26. Rhe1 Ba6 27. Nd3 Nc4 28.
Qc3 d4 29. Nxc5 bxc5 30. Nxg5 Qb6 31. Nxh7 Kxh7 0-1

[Event "C.to Italiano Semifinale"]
[Site "Saint Vincent - Chatillon ITA"]
[Date "2008.07.21"]
[Round "2"]
[White "Bentivegna, Francesco"]
[Black "Rorato, Giovanni Riccardo"]
[Result "1-0"]
[WhiteElo "2329"]
[BlackElo "2065"]
[PlyCount "59"]
[EventDate "2008.07.19"]

1. e4 c5 2. a3 d6 3. b4 Nf6 4. Nc3 Nc6 5. Rb1 g6 6. g3 Bg7 7. Bg2 O-O 8. Nge2
cxb4 9. axb4 e5 10. O-O Re8 11. d3 Be6 12. Nd5 Bxd5 13. exd5 Ne7 14. c4 Rc8 15.
Qa4 e4 16. dxe4 Rxc4 17. Qxa7 Qc8 18. e5 dxe5 19. Rd1 e4 20. d6 Nc6 21. Qa3 b5
22. Nf4 Nd4 23. Bb2 Ng4 24. Qa7 Qa8 25. d7 Rd8 26. Qxa8 Rxa8 27. h3 Nh6 28.
Bxd4 Rxd4 29. Rxd4 Bxd4 30. Rc1 1-0

[Event "C.to Italiano Semifinale"]
[Site "Saint Vincent - Chatillon ITA"]
[Date "2008.07.21"]
[Round "2"]
[White "Borgiani, Flavio"]
[Black "Sarno, Spartaco"]
[Result "0-1"]
[WhiteElo "2215"]
[BlackElo "2329"]
[PlyCount "126"]
[EventDate "2008.07.19"]

1. e4 d6 2. d4 Nf6 3. Nc3 g6 4. Nf3 Bg7 5. Be2 O-O 6. O-O c6 7. a4 a5 8. h3 Na6
9. Be3 Nb4 10. Qd2 Qc7 11. Bh6 e5 12. Bxg7 Kxg7 13. dxe5 dxe5 14. Bc4 Rd8 15.
Qe2 Nh5 16. Rac1 Nf4 17. Qe3 Be6 18. Bxe6 Nxe6 19. Ne2 f6 20. Qb3 Nc5 21. Qe3
Nxa4 22. g4 Qb6 23. Qa3 Nc5 24. Ng3 Qc7 25. g5 fxg5 26. Qc3 b6 27. Rcd1 h6 28.
Qxe5+ Qxe5 29. Nxe5 Nxc2 30. Nxc6 Re8 31. Rc1 Nb4 32. Nxb4 axb4 33. Rc4 b3 34.
Rb4 Ra2 35. Rb1 Re6 36. f3 Rd6 37. Nf1 Rd3 38. Rxb6 Rxf3 39. Rc1 Nxe4 40. Rc7+
Rf7 41. Rxf7+ Kxf7 42. Rxb3 Ra1 43. Kg2 Nc5 44. Rb6 Nd3 45. Ne3 Nf4+ 46. Kf3
Nxh3 47. b4 Ra3 48. Rb7+ Ke8 49. Ke2 Nf4+ 50. Kf2 Rb3 51. b5 Nd3+ 52. Ke2 Ne5
53. Nd5 Rb2+ 54. Ke3 Nd7 55. Nc3 g4 56. Ne4 Rb3+ 57. Ke2 Rb4 58. Nd6+ Ke7 59.
Nc8+ Ke6 60. Na7 Rb2+ 61. Kf1 g3 62. Rc7 Ne5 63. Rc3 Rf2+ 0-1

[Event "C.to Italiano Semifinale"]
[Site "Saint Vincent - Chatillon ITA"]
[Date "2008.07.21"]
[Round "2"]
[White "Borgo, Giulio"]
[Black "Gallucci, Alessio"]
[Result "1/2-1/2"]
[WhiteElo "2442"]
[BlackElo "2152"]
[PlyCount "85"]
[EventDate "2008.07.19"]

1. c4 Nf6 2. Nf3 e6 3. g3 b6 4. Bg2 Bb7 5. O-O Be7 6. Nc3 O-O 7. Re1 d5 8. cxd5
exd5 9. d4 Nbd7 10. Bf4 Ne4 11. Qb3 Ndf6 12. Rac1 c5 13. Rcd1 c4 14. Qc2 Bb4
15. Bg5 b5 16. Bxf6 Qxf6 17. e3 Qd8 18. Re2 Re8 19. Rc1 a6 20. Ne5 f6 21. Nf3
Bc8 22. Nxe4 dxe4 23. Nd2 Bg4 24. Nxe4 Bxe2 25. Qxe2 Rc8 26. h4 f5 27. Ng5 h6
28. Nf3 Bd6 29. Qc2 Qf6 30. h5 Re4 31. Nd2 Re7 32. Nf3 Re4 33. Nd2 Re7 34. Bd5+
Kh8 35. Bf3 Qg5 36. Kf1 Rce8 37. Bc6 Rc8 38. Bf3 Rf8 39. Qd1 f4 40. exf4 Qf5
41. Kg2 Bb4 42. a3 Ba5 43. d5 1/2-1/2

[Event "C.to Italiano Semifinale"]
[Site "Saint Vincent - Chatillon ITA"]
[Date "2008.07.21"]
[Round "2"]
[White "Brancaleoni, Maurizio"]
[Black "Ferri, Stefano"]
[Result "1/2-1/2"]
[WhiteElo "2251"]
[BlackElo "2146"]
[PlyCount "69"]
[EventDate "2008.07.19"]

1. c4 Nf6 2. Nf3 g6 3. Nc3 d5 4. Qa4+ c6 5. cxd5 Nxd5 6. Qd4 Nf6 7. Qxd8+ Kxd8
8. d4 Bg7 9. e4 b5 10. e5 Ng8 11. Bd2 Bf5 12. Rc1 Bh6 13. Be2 Ke8 14. O-O Kf8
15. d5 b4 16. dxc6 Bxd2 17. Nxd2 Nxc6 18. Bf3 bxc3 19. Rxc3 Rd8 20. Rxc6 Rxd2
21. a4 Rxb2 22. Rd1 Nh6 23. Ra6 Kg7 24. h3 Bc2 25. Rd7 Nf5 26. Raxa7 h5 27. a5
Rhb8 28. a6 R8b6 29. Ra8 Ba4 30. Rdd8 Bc6 31. Bxc6 Rb1+ 32. Kh2 Rxc6 33. Rh8
Nh6 34. a7 Ra1 35. Rxh6 1/2-1/2

[Event "C.to Italiano Semifinale"]
[Site "Saint Vincent - Chatillon ITA"]
[Date "2008.07.21"]
[Round "2"]
[White "Cocchi, Andrea"]
[Black "Rombaldoni, Denis"]
[Result "0-1"]
[WhiteElo "2323"]
[BlackElo "2418"]
[PlyCount "55"]
[EventDate "2008.07.19"]

1. Nf3 Nf6 2. c4 e6 3. Nc3 Bb4 4. Qc2 O-O 5. e3 d6 6. d4 Nc6 7. a3 Bxc3+ 8.
Qxc3 a5 9. b3 e5 10. dxe5 dxe5 11. Nxe5 Nxe5 12. Qxe5 Re8 13. Qb2 Ne4 14. Be2
Ra6 15. g3 Bh3 16. f3 Ng5 17. Kf2 Rf6 18. Rd1 Qe7 19. Rd4 c5 20. Rh4 Bd7 21.
Kg2 Bc6 22. Rf4 Rh6 23. Qc3 Qe6 24. g4 Rh4 25. e4 Qh6 26. Be3 Rxh2+ 27. Kf1
Rh1+ 28. Bg1 0-1

[Event "C.to Italiano Semifinale"]
[Site "Saint Vincent - Chatillon ITA"]
[Date "2008.07.21"]
[Round "2"]
[White "Cordara, Michele"]
[Black "Finocchiaro, Gianluca"]
[Result "0-1"]
[WhiteElo "2146"]
[BlackElo "2021"]
[PlyCount "52"]
[EventDate "2008.07.19"]

1. Nf3 d6 2. g3 g6 3. Bg2 Bg7 4. c4 e5 5. Nc3 Nc6 6. d3 Nge7 7. Nd5 Nxd5 8.
cxd5 Ne7 9. Qb3 O-O 10. O-O a5 11. Bd2 a4 12. Qc4 a3 13. bxa3 b5 14. Qb3 e4 15.
dxe4 Bxa1 16. Rxa1 f5 17. Bh6 fxe4 18. Bxf8 Qxf8 19. Ng5 Qf6 20. Rc1 Qxg5 21.
Rxc7 Qe5 22. f4 Qa1+ 23. Kf2 Qd4+ 24. e3 Qd2+ 25. Kf1 Nf5 26. Rc3 Ba6 0-1

[Event "C.to Italiano Semifinale"]
[Site "Saint Vincent - Chatillon ITA"]
[Date "2008.07.21"]
[Round "2"]
[White "Frugoli, Francesco"]
[Black "De Florio, Federico"]
[Result "0-1"]
[WhiteElo "2163"]
[BlackElo "2106"]
[PlyCount "120"]
[EventDate "2008.07.19"]

1. d4 d5 2. Bg5 Bf5 3. e3 c6 4. Bd3 Bxd3 5. Qxd3 Qb6 6. b3 Nd7 7. Nf3 Ngf6 8.
Nbd2 e6 9. O-O Be7 10. c4 c5 11. cxd5 Nxd5 12. Nc4 Qa6 13. e4 Nb4 14. Qd2 f6
15. a3 Nc6 16. d5 Nd4 17. Nxd4 cxd4 18. dxe6 Nc5 19. Bxf6 Bxf6 20. e5 Be7 21.
Nd6+ Bxd6 22. exd6 Qxd6 23. e7 Kf7 24. Qc2 d3 25. Qc4+ Ne6 26. Rad1 d2 27. Qe2
Qxe7 28. Rxd2 Rhd8 29. Qf3+ Kg8 30. Re2 Qf7 31. Qg4 Nd4 32. Re3 Rd6 33. Rfe1
Rf8 34. f3 Nc6 35. h3 Rd4 36. Qg3 Rfd8 37. b4 a6 38. Qg5 h6 39. Qc5 Rd1 40. a4
Rxe1+ 41. Rxe1 Qf4 42. Re4 Rd1+ 43. Kf2 Qd2+ 44. Kg3 Qd6+ 45. Qxd6 Rxd6 46. b5
axb5 47. axb5 Nd4 48. b6 Kf7 49. f4 Nf5+ 50. Kg4 g6 51. Kf3 Rxb6 52. Rc4 Rb3+
53. Kf2 Rb2+ 54. Kf3 Nh4+ 55. Kg4 Nxg2 56. Re4 Rb3 57. Re2 h5+ 58. Kg5 Rb5+ 59.
f5 Rxf5+ 60. Kh6 h4 0-1

[Event "C.to Italiano Semifinale"]
[Site "Saint Vincent - Chatillon ITA"]
[Date "2008.07.21"]
[Round "2"]
[White "Genocchio, Daniele"]
[Black "Paglietti, Nicola"]
[Result "1-0"]
[WhiteElo "2420"]
[BlackElo "2273"]
[PlyCount "71"]
[EventDate "2008.07.19"]

1. d4 b6 2. e4 Bb7 3. Nc3 e6 4. Bf4 Bb4 5. Bd3 d5 6. exd5 Nf6 7. Bb5+ Ke7 8.
Qd2 Ne4 9. d6+ Nxd6 10. Bd3 Bxg2 11. Bxd6+ Kxd6 12. Ne4+ Kd7 13. Qxb4 Bxh1 14.
O-O-O Kc8 15. f3 Qh4 16. Qd2 Rd8 17. c3 a5 18. Ng3 a4 19. Nxh1 Ra5 20. f4 g5
21. f5 g4 22. Qf4 h5 23. Nf3 Qe7 24. Ne5 f6 25. Nc4 e5 26. dxe5 Rad5 27. Nf2 b5
28. exf6 Qxf6 29. Ne3 R5d7 30. a3 c6 31. Ne4 Qf8 32. Bc2 Rxd1+ 33. Nxd1 Nd7 34.
Nd6+ Kc7 35. Ne8+ Kb6 36. Qc7+ 1-0